000 00327nam a22001457a 4500
008 221130b ||||| |||| 00| 0 eng d
020 _a9781617316203
041 _aeng
080 _2THIRD EDITION
_a611
082 _a611AME
100 _a10
101 _aANA
245 _aANATOMY&PHYSIOLOGY
_cAMERMAN C.E
942 _2udc
_cBK
999 _c59040
_d59040